Capital city meanings - Statistics

General Stats
  • This quiz has been taken 50 times
  • The average score is 7 of 17
Answer Stats
Hint Answer % Correct
Good winds Buenos Aires
84%
Abode of Islam Islamabad
79%
St James Santiago
72%
Lion city Singapore
60%
Three cities Tripoli
60%
Red hero Ulaanbaatar
60%
The victorious one / conqueror Cairo
44%
Merchants' harbour Copenhagen
44%
Black pool Dublin
40%
White city Belgrade
37%
Wisdom Sofia
37%
The islands Algiers
23%
Ford (in the river, not the car) Prague
23%
Muddy confluence Kuala Lumpur
19%
City of the thousand Antananarivo
12%
Flower Spring ('spring' in the sense of 'source') Bloemfontein
12%
Monday Dushanbe
9%
No matching quizzes found
Score Distribution
Percent of People with Each Score
Percentile by Number Answered
Your Score History
You have not taken this quiz